000 00339nam a2200133Ia 4500
008 190723s9999 xx 000 0 und d
020 _a978-969-407-425-2
100 _aAsrar Ahmed Siddiqui
245 0 _aPractice and law of Banking in paksitan
250 _a9th
260 _aKarachi
_bRoyal Book
_c2015
300 _a570.:p
942 _cBK
999 _c1664
_d1664